000 00254nam a22001217a 4500
008 180220b xxu||||| |||| 00| 0 eng d
041 _aeng
080 _a616
100 _a9
101 _apat
245 _atextbook pathology
_crobins
942 _2udc
_cBK
999 _c42858
_d42858